000 00444nam a2200181Ia 4500
003 OSt
005 20220506115723.0
008 210210b1946 xxu||||| |||| 00| 0 eng d
040 _aAL
_c
041 _aeng
082 _a580/257
100 _aSINNOTT (E W)
_934505
245 _aBotany: principles and problems
260 _aNew York
_bMcGraw-Hill Book Company Inc.
_c1946
690 _aBotany
_934508
906 _a010514
942 _2ddc
_cBK
999 _c138282
_d138282